Statistieken voor Landen die grenzen aan Italië

Klik hier om de quiz te nemen!

Algemene statistieken

  • Deze quiz is 46 keer genomen
  • De gemiddelde score is 6 van 6

Antwoordstatistieken

LengteLand% Correct
698 kmZwitserland
98%
3 kmVaticaanstad
95%
476 kmFrankrijk
93%
404 kmOostenrijk
93%
37 kmSan Marino
90%
218 kmSlovenië
83%

Scoreverdeling

Percentiel versus Aantal Correcte Antwoorden

Procent van Mensen met Elke Score

Uw Scoregeschiedenis

U heeft deze quiz nog niet genomen